| 000 | 00747nam a2200253 a 4500 | ||
|---|---|---|---|
| 003 | MX-MxUPN | ||
| 005 | 20230915063545.0 | ||
| 008 | 150212s2006 sp a r 000 f spa d | ||
| 020 | _a9788426348401 | ||
| 035 | _aUPN01000201711 | ||
| 040 |
_aMX-MxUPN _bspa _cMX-MxUPN |
||
| 041 | 0 | _aspa | |
| 050 | 1 | 4 |
_aPQ6660 I57 _bA96 2006 |
| 100 | 1 |
_aJiménez de Cisneros y Baudín, Consuelo, _d1956- _949990 |
|
| 245 | 1 | 0 | _aAún quedan piratas en la costa de la muerte |
| 250 | _a2a. edición. | ||
| 260 |
_aZaragoza : _bEdelvives, _c2006. |
||
| 300 |
_a127 páginas : _bilustraciones |
||
| 586 | _aV Premio Ala Delta. | ||
| 650 | 4 |
_aNovela española _ySiglo XX _99779 |
|
| 902 | _aVíctor Ruiz/140923 | ||
| 942 |
_2lcc _cLIBRO |
||
| 999 |
_c173812 _d173812 |
||